| 000 | 00601nam a22001577a 4500 | ||
|---|---|---|---|
| 005 | 20090204124727.0 | ||
| 008 | 090204t xxu||||| |||| 00| 0 eng d | ||
| 022 | _a0972-902X | ||
| 245 | _aJournal of banking, information technology and management | ||
| 260 |
_aJaipur _bThe Research Development Research Foundation _c2008- |
||
| 300 |
_av. _c24 cm |
||
| 310 | _aHalf-yearly | ||
| 270 |
_a4 Ma 22, Jawahar Nagar _bJaipur _e302004 _k0141-2652107 _l0141-2650498 _mdrjain2001@rediffmail.com |
||
| 942 |
_2ddc _cSR _s1 |
||
| 999 |
_c22999 _d22999 |
||